<?xml version="1.0" encoding="UTF-8"?>
<marc:record xmlns:marc="http://www.loc.gov/MARC21/slim">
   <marc:leader>00000nam a2200000 a 4500</marc:leader>
   <marc:datafield ind1="1" ind2=" " tag="100">
      <marc:subfield code="a">Bauerschmidt, Tim</marc:subfield>
      <marc:subfield code="4">aut</marc:subfield>
      <marc:subfield code="e">Verfasser/-in</marc:subfield>
   </marc:datafield>
   <marc:datafield ind1="1" ind2=" " tag="100">
      <marc:subfield code="a">Liddle, Ramie</marc:subfield>
      <marc:subfield code="4">aut</marc:subfield>
      <marc:subfield code="e">Verfasser/-in</marc:subfield>
   </marc:datafield>
   <marc:datafield ind1="1" ind2=" " tag="100">
      <marc:subfield code="a">Berkel, Christian</marc:subfield>
   </marc:datafield>
   <marc:datafield ind1="1" ind2=" " tag="100">
      <marc:subfield code="a">Sawatzki, Andrea</marc:subfield>
   </marc:datafield>
   <marc:datafield ind1="0" ind2="0" tag="245">
      <marc:subfield code="a">Driving Miss Norma</marc:subfield>
   </marc:datafield>
   <marc:datafield ind1="0" ind2="0" tag="245">
      <marc:subfield code="b">gelesen von Andrea Sawatzki &amp; Christian Berkel</marc:subfield>
   </marc:datafield>
   <marc:datafield ind1="0" ind2="0" tag="245">
      <marc:subfield code="c">Tim Bauerschmidt ; Ramie Liddle</marc:subfield>
   </marc:datafield>
   <marc:datafield ind1=" " ind2="1" tag="264">
      <marc:subfield code="a">München</marc:subfield>
      <marc:subfield code="b">Random House Audio</marc:subfield>
      <marc:subfield code="c">2017</marc:subfield>
   </marc:datafield>
   <marc:datafield ind1="1" ind2=" " tag="520">
      <marc:subfield code="a">Als bei Miss Norma mit 90 Jahren Krebs diagnostiziert wird, denkt sie nicht daran, ihrem Ende im Krankenhaus entgegen zu dämmern - im Gegenteil: "Ich bin 90 Jahre alt, ich gehe auf Reisen!" Sie packt das Nötigste zusammen und begibt sich gemeinsam mit ihrem Sohn Tim, seiner Frau Ramie und ihrem Pudel Ringo in einem zehn Meter langen Wohnmobil auf einen unvergesslichen Roadtrip durch die USA. Ein Hörbuch über Mut, Großzügigkeit und die Weisheit von einundneunzig Lebensjahren, das uns daran erinnert, wie schön und wertvoll das Leben sein kann und dass es nie zu spät ist für Familie, Freude und Selbsterkenntnis. (Verlagstext)</marc:subfield>
   </marc:datafield>
   <marc:datafield ind1=" " ind2=" " tag="020">
      <marc:subfield code="a">9783837139648</marc:subfield>
      <marc:subfield code="9">9783837139648</marc:subfield>
   </marc:datafield>
   <marc:datafield ind1=" " ind2=" " tag="020">
      <marc:subfield code="a">3837139646</marc:subfield>
      <marc:subfield code="9">3837139646</marc:subfield>
   </marc:datafield>
   <marc:datafield ind1=" " ind2=" " tag="300">
      <marc:subfield code="a">5 CDs (ca. 5 Std  58 Min.) ; Gekürzte Hörbuchfassung</marc:subfield>
   </marc:datafield>
</marc:record>
